| 000 | 00422cam a2200181ua 4500 | ||
|---|---|---|---|
| 041 |
_aeng _h |
||
| 082 |
_a530 _bPW/PH |
||
| 100 | _aPowell, L S . | ||
| 245 |
_aPhysics, Vol.1 / _cL S Powell. _hTextual Documents |
||
| 250 |
_a1 / _b. |
||
| 260 |
_a : _bSir Isaac Pitman & Sons Ltd , _c1953. |
||
| 300 | _a479 ; . | ||
| 362 | 0 | _aVol 1, Part 3- | |
| 504 | _a | ||
| 650 | _aPhysics | ||
| 942 | _cBK | ||
| 999 |
_c149 _d149 |
||